000 00559nam a22002177a 4500
003 UA-OsUOA
001 55202
007 ta
008 20080813b un ||||| |||| 00| 0 ukr d
090 _a821.161.2
_bТ15
942 _cBK
040 _aUA-OsUOA
_bukr
_cUA-OsUOA
_dUA-OsUOA
245 _aТаким було наше кохання
300 _a461 с.
955 _a3
041 _aukr
080 _a821.161.2
260 _aК.
_bДніпро
_c1985
650 7 _a82 Література. Літературознавство
_2UDC
999 _c341286
_d341286